00510nam a2200169Ia 4500999001700000003000400017005001700021008004100038040000900079082002400088100002600112245006200138260004500200300000900245650003200254942005400286 c36042d36042OSt20210121123753.0190216s9999||||xx |||||||||||||| ||und|| coclc a307.14120954bDEO/P aDeogaonkar, S G98344 4aProblems Of Development Of Tribal Areas /cS G Deogaonkar bLeeladevei Publications, c1988.aDelhi: a177p aDevelopment Of Tribal Areas cBK2ddch307.14120954iDEO/Pk307.14120954mDEO/P